<?xml version="1.0" encoding="UTF-8"?>
<marc:record xmlns:marc="http://www.loc.gov/MARC21/slim">
   <marc:leader>00000nam a2200000 a 4500</marc:leader>
   <marc:datafield ind1="1" ind2=" " tag="100">
      <marc:subfield code="a">Brockmöller, Katrin</marc:subfield>
   </marc:datafield>
   <marc:datafield ind1=" " ind2=" " tag="653">
      <marc:subfield code="a">f||?Aufsatzsammlung</marc:subfield>
   </marc:datafield>
   <marc:datafield ind1=" " ind2=" " tag="653">
      <marc:subfield code="a">t||Magnifikat</marc:subfield>
   </marc:datafield>
   <marc:datafield ind1="0" ind2="0" tag="245">
      <marc:subfield code="a">Magnifikat - das Lied der Maria</marc:subfield>
   </marc:datafield>
   <marc:datafield ind1="0" ind2="0" tag="245">
      <marc:subfield code="c">Schriftleitung: Direktorin Dr. Katrin Brockmöller</marc:subfield>
   </marc:datafield>
   <marc:datafield ind1=" " ind2="1" tag="264">
      <marc:subfield code="a">Stuttgart</marc:subfield>
      <marc:subfield code="b">Verlag Katholisches Bibelwerk</marc:subfield>
      <marc:subfield code="c">2019</marc:subfield>
   </marc:datafield>
   <marc:datafield ind1="1" ind2=" " tag="520">
      <marc:subfield code="a">Inhalt: Dieter Bauer, Maria singt : Einblick; Bettina Eltrop, Gefährliche Erinnerung : Ein Loblied von Frauen aus dem erniedrigten Volk; Lisa Kötter, Warum ich tue, was ich tue : Die Bilder zum Heft; Franziska Dieterle, Christiane Wüste, Jacqueline Straub, Lisa Kötter, Annette M. Boeckler, Martina Kreidler-Kos, Claudio Ettl, Jacqueline Keune, Marie Dennis, Stefan Silber, Dieter Bauer, Barbara Leicht, Mein Magnifikat : Vers für Vers; Dietlinde Jessen, Freude; Dorothee Sölle, Meditation über Lukas 1 : Gedicht; Sr. Ulrike Soegtrop, Klöster am Rande der Kirche : Interview; Andrea Voß-Frick, Viva Maria 2.0! : Bibelprojekt; Bärbel Wartenberg-Potter, &#x84;Pachamama&#x93; von Jane Rey : Das besondere Bild; Tobias Maierhofer, Die neue Lectio Divina-Bibel : Praxisteil.</marc:subfield>
   </marc:datafield>
   <marc:datafield ind1=" " ind2=" " tag="020">
      <marc:subfield code="a">9783948219218</marc:subfield>
      <marc:subfield code="9">9783948219218</marc:subfield>
   </marc:datafield>
   <marc:datafield ind1=" " ind2=" " tag="022">
      <marc:subfield code="a">00060593</marc:subfield>
   </marc:datafield>
   <marc:datafield ind1=" " ind2=" " tag="041">
      <marc:subfield code="a">ger</marc:subfield>
   </marc:datafield>
   <marc:datafield ind1="0" ind2=" " tag="490">
      <marc:subfield code="v">220</marc:subfield>
   </marc:datafield>
   <marc:datafield ind1=" " ind2=" " tag="300">
      <marc:subfield code="a">35 Seiten, Illustrationen</marc:subfield>
   </marc:datafield>
</marc:record>
